000 00407nam a2200121Ia 4500
008 160609s9999 xx 000 0 und d
100 _aElliott, Charles H.
245 _aChild Psychology And Development For Dummies
245 _cBy:Charles H. Elliott, Laura L. Smith
260 _c2011
650 _xCHILD & ADOLESCENT DEVELOPMENT
856 _uhttp://file.ebook777.com/010/ChiPsyAndDevForDumByChaH.Ell.pdf
999 _c295842
_d295842